| 000 | 00438nam a2200157 4500 | ||
|---|---|---|---|
| 001 | 137308 | ||
| 003 | ES-MaACL | ||
| 005 | 20230906195340.0 | ||
| 007 | t| | ||
| 008 | 070214s1926 fr r ||||1| fre d | ||
| 100 | 1 |
_aSanarelli, José. _9132384 |
|
| 245 | 1 | 4 |
_aLes entéropathies microbiennes / _cGiuseppe Sanarelli,. |
| 260 |
_aParis : _bRené et Paul Deslis, _c1926. |
||
| 300 |
_aVII, 227 p. ; _c24 cm. |
||
| 852 |
_aES-MaACL _jB-13346 |
||
| 999 |
_c137308 _d137308 |
||